00969nam a22002657a 4500999001700000003000900017008004100026040007100067082002200138100002100160245007000181260003300251300003000284505006300314650002900377650001800406650003000424650002000454650002300474650003500497650003200532942001600564945002000580952010300600  c13826d13826AR-CdUCM190416b           ||||| |||| 00| 0 spa d  aMUNICIPALIDAD PROVINCIAL DEL CUSCOcBIBLIOTECA MUNICIPAL DEL CUSCO  aC / 980.51 /bG23  aGarcia, J. Uriel  aEl nuevo indio :bensayo indigenista sobre la sierra surperuana /  aCuzco :bH. G. Rozas,c1930.  a218 páginas ;c23.5 cm.  aEl indio antiguo -- El nuevo indio -- El pueblo mestizo...  aRealidad Nacional.91454  aIndio.929864  aProblema del indio.92859  aEl ande.932385  aTradición.92713  aCostumbres cusqueñas.929946  aLiteratura cusqueña.9164  2ddccLIBROS  awfjd2019-04-16  002ddc4070aSCAbSCAcCARTd2019-04-16g200.00oC / 980.51 / G23pSCA0003063r2019-04-16yLIBROS